| 000 | 00392nam a22001577a 4500 | ||
|---|---|---|---|
| 003 | NUST - PNEC | ||
| 005 | 20170116181059.0 | ||
| 008 | 151002b xxu||||| |||| 00| 0 eng d | ||
| 040 | _cLIBRARY | ||
| 082 | _a897 NAQ | ||
| 100 |
_912235 _aNaqvi, Jamal |
||
| 245 |
_aKhushboo gulabon ki _cNaqvi, Jamal |
||
| 260 | _c1998 | ||
| 650 |
_912234 _bUrdu literature _xGeneral books |
||
| 942 |
_2ddc _cBK |
||
| 999 |
_c68670 _d68670 |
||